[Event "Moncada Cup-C"]
[Site "Santiago de Cuba"]
[Date "2019.03.25"]
[Round "6.2"]
[White "Garcia Martinez, Omar"]
[Black "Romero Arzuaga, Yudel"]
[Result "0-1"]
[WhiteElo "2239"]
[BlackElo "2255"]
[PlyCount "76"]
[EventDate "2019.03.20"]
[EventType "tourn"]
[EventRounds "10"]
[EventCountry "CUB"]
[EventCategory "1"]
[SourceTitle "EXT 2023"]
[Source "ChessBase"]
[SourceDate "2022.10.05"]
[SourceVersion "1"]
[SourceVersionDate "2022.10.05"]
[SourceQuality "1"]

1. d4 Nf6 2. Nf3 g6 3. Bf4 Bg7 4. e3 d5 5. Be2 0-0 6. 0-0 c5 7. c3 Qb6 8. Qb3 Nc6 9. Nbd2 c4 10. Qa3 Bf5 11. b3 cxb3 12. axb3 a5 13. Ne5 Rfe8 14. Nxc6 bxc6 15. b4 a4 16. c4 Ne4 17. Nxe4 Bxe4 18. c5 Qb7 19. b5 cxb5 20. Qb4 e5 21. Bxe5 Bxe5 22. dxe5 Reb8 23. Rfc1 Qe7 24. g4 g5 25. f3 Bg6 26. f4 gxf4 27. exf4 Be4 28. Ra3 f6 29. exf6 Qxf6 30. Rf1 Ra7 31. g5 Qe7 32. h4 Rc7 33. Rxa4 Bc2 34. Bd1 Qe3+ 35. Rf2 Bxa4 36. Bxa4 Rxc5 37. Bb3 Qg3+ 38. Kf1 Rc1+ 0-1

[Event "CFriend CP-2005-P-00019"]
[Site "Chessfriend.com"]
[Date "2005.10.01"]
[Round "1"]
[White "Garcia Martinez, Omar"]
[Black "Ganev, Bozhan"]
[Result "1-0"]
[WhiteElo "2186"]
[BlackElo "800"]
[PlyCount "47"]
[EventDate "2005.??.??"]
[EventType "tourn (corr)"]
[EventRounds "4"]
[SourceTitle "Corr 2024"]
[Source "ChessBase"]
[SourceDate "2023.10.19"]
[SourceVersion "1"]
[SourceVersionDate "2023.10.19"]
[SourceQuality "1"]

1. e4 e5 2. Nf3 Nf6 3. Nxe5 d6 4. Nf3 Nxe4 5. d4 d5 6. Bd3 Be7 7. 0-0 0-0 8. Re1 Bf5 9. c4 Bb4 10. Re3 c6 11. Qb3 Ba5 12. Qxb7 Qc7 13. Qxc7 Bxc7 14. cxd5 cxd5 15. Nc3 Bf4 16. Nxd5 Bxe3 17. Bxe3 Nc6 18. Bb5 Kh8 19. Bxc6 Rab8 20. Ne7 Nd6 21. d5 Be4 22. Bc5 Rfd8 23. Ne5 Rxb2 24. Bxd6 1-0

[Event "CFriend AP-2005-Q-00008 email"]
[Site "Chessfriend.com"]
[Date "2005.04.15"]
[Round "1"]
[White "Garcia Martinez, Omar"]
[Black "Baron, Ovidiu"]
[Result "1-0"]
[WhiteElo "2186"]
[BlackElo "1671"]
[PlyCount "97"]
[EventDate "2005.??.??"]
[EventType "tourn (corr)"]
[EventRounds "12"]
[SourceTitle "Corr 2024"]
[Source "ChessBase"]
[SourceDate "2023.10.19"]
[SourceVersion "1"]
[SourceVersionDate "2023.10.19"]
[SourceQuality "1"]

1. e4 e5 2. Nf3 Nc6 3. Bb5 a6 4. Ba4 Nf6 5. 0-0 b5 6. Bb3 Be7 7. Re1 0-0 8. h3 d6 9. c3 Na5 10. Bc2 c5 11. d4 cxd4 12. cxd4 Nc6 13. Nc3 h6 14. Nd5 exd4 15. Nxd4 Nxd4 16. Qxd4 Nxd5 17. exd5 f5 18. Bf4 Bb7 19. Qe3 Bg5 20. Qe6+ Kh8 21. Bxg5 Qxg5 22. Rad1 Rac8 23. Bb1 Qf6 24. b4 Rc7 25. a3 Qd8 26. Qg6 Qf6 27. Re6 Qxg6 28. Rxg6 Rd7 29. h4 Kg8 30. f4 Rdd8 31. h5 Rf7 32. Kf2 Kf8 33. Ke3 Rc7 34. Bxf5 Rc3+ 35. Ke2 Rxa3 36. Be6 Rc3 37. f5 Bc8 38. Rf1 Re8 39. f6 gxf6 40. Rfxf6+ Ke7 41. Rxh6 Kd8 42. Rh7 Bxe6 43. dxe6 Rc4 44. h6 Rxb4 45. Ra7 Re4+ 46. Kd3 R4xe6 47. Rff7 Re3+ 48. Kd4 R8e4+ 49. Kd5 1-0

[Event "CFriend AP-2005-Q-00008 email"]
[Site "Chessfriend.com"]
[Date "2005.04.15"]
[Round "1"]
[White "Garcia Martinez, Omar"]
[Black "Lovas, Roger"]
[Result "1-0"]
[WhiteElo "2186"]
[BlackElo "1546"]
[PlyCount "27"]
[EventDate "2005.??.??"]
[EventType "tourn (corr)"]
[EventRounds "12"]
[SourceTitle "Corr 2024"]
[Source "ChessBase"]
[SourceDate "2023.10.19"]
[SourceVersion "1"]
[SourceVersionDate "2023.10.19"]
[SourceQuality "1"]

1. e4 c5 2. Nf3 Nc6 3. d4 cxd4 4. Nxd4 Nf6 5. Nc3 e6 6. Ndb5 Qe7 7. Nc7+ Kd8 8. Nxa8 h6 9. Bf4 e5 10. Be3 b6 11. Nd5 Nxd5 12. exd5 Nb8 13. c3 Qd6 14. Qa4 1-0

[Event "CFriend AP-2005-Q-00008 email"]
[Site "Chessfriend.com"]
[Date "2005.04.15"]
[Round "1"]
[White "Garcia Martinez, Omar"]
[Black "Tritt, Maciej"]
[Result "1/2-1/2"]
[WhiteElo "2186"]
[BlackElo "2185"]
[PlyCount "106"]
[EventDate "2005.??.??"]
[EventType "tourn (corr)"]
[EventRounds "12"]
[SourceTitle "Corr 2024"]
[Source "ChessBase"]
[SourceDate "2023.10.19"]
[SourceVersion "1"]
[SourceVersionDate "2023.10.19"]
[SourceQuality "1"]

1. e4 c5 2. Nf3 d6 3. d4 cxd4 4. Nxd4 Nf6 5. Nc3 a6 6. Bc4 e6 7. Bb3 Nbd7 8. f4 Nc5 9. f5 Be7 10. Qf3 e5 11. Nde2 Nxb3 12. axb3 Bd7 13. Be3 Bc6 14. 0-0 0-0 15. Ng3 b5 16. Nd5 Bxd5 17. exd5 Qc7 18. c3 Rfe8 19. Rfd1 a5 20. Ne4 a4 21. bxa4 bxa4 22. Nxf6+ Bxf6 23. Qe4 Qd7 24. Rdc1 Reb8 25. Ra2 Qb5 26. Rc2 Bd8 27. c4 Qa6 28. h3 Rb3 29. Kh2 Qa5 30. c5 Qb5 31. Bg1 Rb4 32. Qe2 Qxe2 33. Rxe2 dxc5 34. Bxc5 Rb5 35. b4 f6 36. Rec2 Kf7 37. Ra3 Bb6 38. Rc4 g6 39. g4 Rc8 40. Rxa4 Bxc5 41. bxc5 Rbxc5 42. Rxc5 Rxc5 43. Ra7+ Ke8 44. d6 gxf5 45. gxf5 Rd5 46. Re7+ Kd8 47. Re6 Kd7 48. Rxf6 Rxd6 49. Rf7+ Ke8 50. Rxh7 Rd4 51. Rh6 Kf7 52. Re6 Rf4 53. Rxe5 Kf6 1/2-1/2

[Event "CFriend AP-2005-Q-00008 email"]
[Site "Chessfriend.com"]
[Date "2005.04.15"]
[Round "1"]
[White "Luptak, Jozef"]
[Black "Garcia Martinez, Omar"]
[Result "0-1"]
[WhiteElo "1875"]
[BlackElo "2186"]
[PlyCount "38"]
[EventDate "2005.??.??"]
[EventType "tourn (corr)"]
[EventRounds "12"]
[SourceTitle "Corr 2024"]
[Source "ChessBase"]
[SourceDate "2023.10.19"]
[SourceVersion "1"]
[SourceVersionDate "2023.10.19"]
[SourceQuality "1"]

1. c4 Nf6 2. Nc3 g6 3. g3 Bg7 4. Bg2 e5 5. e3 d6 6. Nge2 0-0 7. 0-0 Re8 8. d3 Nbd7 9. b3 c6 10. Bb2 Qe7 11. h3 h6 12. a4 a5 13. Qc2 Nc5 14. d4 Bf5 15. e4 exd4 16. Nxd4 Nfxe4 17. Nxf5 gxf5 18. Rfe1 Qg5 19. h4 Qg4 0-1

[Event "CFriend AP-2004-Q-00014 email"]
[Site "Chessfriend.com"]
[Date "2004.07.10"]
[Round "1"]
[White "Bobone, Diogo"]
[Black "Garcia Martinez, Omar"]
[Result "1/2-1/2"]
[WhiteElo "1384"]
[BlackElo "2186"]
[PlyCount "39"]
[EventDate "2004.??.??"]
[EventType "tourn (corr)"]
[EventRounds "12"]
[SourceTitle "Corr 2024"]
[Source "ChessBase"]
[SourceDate "2023.10.19"]
[SourceVersion "1"]
[SourceVersionDate "2023.10.19"]
[SourceQuality "1"]

1. Nf3 Nf6 2. g3 c5 3. Bg2 g6 4. 0-0 Bg7 5. d3 0-0 6. Nbd2 Nc6 7. Re1 d6 8. e4 Rb8 9. e5 Nxe5 10. Nxe5 dxe5 11. Rxe5 b6 12. Nf3 Bb7 13. Re1 Rc8 14. Qe2 e6 15. Bg5 h6 16. Bxf6 Bxf6 17. Ne5 Bxg2 18. Kxg2 Bxe5 19. Qxe5 Rc7 20. Re4 1/2-1/2

[Event "CFriend AP-2004-Q-00014 email"]
[Site "Chessfriend.com"]
[Date "2004.07.10"]
[Round "1"]
[White "Garcia Martinez, Omar"]
[Black "Kasperek, Joanna"]
[Result "1-0"]
[WhiteElo "2186"]
[BlackElo "2115"]
[PlyCount "87"]
[EventDate "2004.??.??"]
[EventType "tourn (corr)"]
[EventRounds "12"]
[SourceTitle "Corr 2024"]
[Source "ChessBase"]
[SourceDate "2023.10.19"]
[SourceVersion "1"]
[SourceVersionDate "2023.10.19"]
[SourceQuality "1"]

1. e4 c5 2. Nf3 Nc6 3. d4 cxd4 4. Nxd4 d5 5. Bb5 dxe4 6. Nxc6 Qxd1+ 7. Kxd1 a6 8. Ba4 Bd7 9. Nc3 Bxc6 10. Bxc6+ bxc6 11. Nxe4 e5 12. Ke2 f5 13. Nd2 Nf6 14. Nc4 0-0-0 15. Bg5 Rd4 16. b3 Bc5 17. Be3 Rd5 18. Rhd1 Rhd8 19. Nb6+ Bxb6 20. Bxb6 Rxd1 21. Rxd1 Rxd1 22. Kxd1 Nd5 23. Ba5 Nf4 24. g3 Nh3 25. Bc3 g5 26. Ke2 e4 27. g4 f4 28. Kf1 f3 29. Be5 Kd7 30. Ke1 Ke6 31. Bg3 Ng1 32. Kd2 Ne2 33. Bc7 Nd4 34. Bb6 e3+ 35. Kxe3 Nxc2+ 36. Kxf3 Nb4 37. Be3 h6 38. a3 Nc2 39. Bc5 Ke5 40. Kg3 a5 41. h4 Kd5 42. Bf8 gxh4+ 43. Kxh4 c5 44. Kh5 1-0